00529cam a22002055a 450000100090000000300040000900500170001300800410003001000170007102000180008802000150010604000140012104200080013508200190014310000160016224500800017826000290025830000140028765000220030117940257OSt20200125125528.0131113s2013 xx 000 0 eng  a 2012537568 a9788177083521 a817708352X aDLCcoclc apcc a368.954bNAR/I aNarang, Uma00aInsurance Industry in India :bFeatures, Reforms and Outlook. /cUma Naramg bNew Century Pubnsc2013. a436pccm. 0aInsurancezIndia.